| 000 | 01481nam a2200385 i 4500 | ||
|---|---|---|---|
| 001 | 196849 | ||
| 003 | ES-MaACL | ||
| 005 | 20250110063046.0 | ||
| 007 | ta | ||
| 008 | 250108m19721973sp spa | ||
| 016 | 7 |
_abimoBNE19972204569 _zIND9100160929 _2SpMaBN |
|
| 017 |
_aM 31602-1972 _bOficina Depósito Legal Madrid |
||
| 020 | _a8427610831 Obra completa | ||
| 035 | _a(OCoLC)431963434 | ||
| 035 | _a(SpMaBN)bimo0000737756 | ||
| 035 | _a991032603939708606 | ||
| 040 |
_aSpMaBN _bspa _cA2 |
||
| 080 | _a92 Franco Bahamonde, Francisco | ||
| 080 | _a946"19" | ||
| 100 | 1 |
_aCierva, Ricardo de la, _d1926-2015 _938790 _eaut |
|
| 245 | 1 | 0 |
_aFrancisco Franco : _bun siglo de España / _c[escrita y dirigida por] Ricardo de la Cierva. |
| 260 |
_aMadrid : _bEditora Nacional, _c1972-1973. |
||
| 300 |
_a2 v. : _bil. ; _c28 cm |
||
| 336 |
_2rdacontent _atexto |
||
| 337 |
_2rdamedia _asin mediación |
||
| 338 |
_2rdacarrier _avolumen |
||
| 600 | 1 | 4 |
_aFranco Bahamonde, Francisco, _d1892-1975 _2embne _952240 |
| 651 | 7 |
_aEspaña- _xHistoria- _yS.XX _9138832 |
|
| 852 |
_aES-MaACL _cDEPO2 _jG-16001 _pv.1 _9204500 _hDonación: Basilio Martín Patino |
||
| 852 |
_aES-MaACL _cDEPO2 _jG-16002 _pv.2 _9204501 _hDonación: Basilio Martín Patino |
||
| 903 |
_977596 _aMartín Patino, Basilio, _d1930-2017 _ednr |
||
| 942 |
_n0 _cMONOGRAFIA |
||
| 999 |
_c196849 _d196849 |
||